<?xml version="1.0" encoding="UTF-8"?>
<collection xmlns:xsi="http://www.w3.org/2001/XMLSchema-instance" xsi:schemaLocation="http://www.loc.gov/MARC21/slim http://www.loc.gov/standards/marcxml/schema/MARC21slim.xsd" xmlns="http://www.loc.gov/MARC21/slim">
 <record>
  <leader>00000cam a22000003i 4500</leader>
  <controlfield tag="001">UP-1685594773861757350</controlfield>
  <controlfield tag="003">Buklod</controlfield>
  <controlfield tag="005">20100118083610.0</controlfield>
  <controlfield tag="006">a     r    |||| u|</controlfield>
  <controlfield tag="007">ta</controlfield>
  <controlfield tag="008">160714s1989    nyu     rb   |||| u|eng d</controlfield>
  <datafield tag="020" ind1=" " ind2=" ">
   <subfield code="a">0070529833</subfield>
  </datafield>
  <datafield tag="035" ind1=" " ind2=" ">
   <subfield code="a">(iLib)UPBAG-00007116664</subfield>
  </datafield>
  <datafield tag="037" ind1=" " ind2=" ">
   <subfield code="a">BC-28724</subfield>
   <subfield code="c">Php20.00</subfield>
  </datafield>
  <datafield tag="040" ind1=" " ind2=" ">
   <subfield code="a">DLC</subfield>
   <subfield code="d">BAG</subfield>
   <subfield code="e">rda</subfield>
  </datafield>
  <datafield tag="041" ind1="0" ind2=" ">
   <subfield code="a">eng</subfield>
  </datafield>
  <datafield tag="090" ind1=" " ind2="0">
   <subfield code="a">JK 21</subfield>
   <subfield code="b">R38</subfield>
  </datafield>
  <datafield tag="245" ind1="0" ind2="0">
   <subfield code="a">Readings in American government and politics</subfield>
   <subfield code="c">[edited by] Randall B. Ripley, Elliot E. Slotnick.</subfield>
  </datafield>
  <datafield tag="264" ind1=" " ind2="1">
   <subfield code="a">New York</subfield>
   <subfield code="b">McGraw-Hill Book Company</subfield>
   <subfield code="c">©1989.</subfield>
  </datafield>
  <datafield tag="300" ind1=" " ind2=" ">
   <subfield code="a">xiv, 571 pages</subfield>
   <subfield code="b">illustrations</subfield>
   <subfield code="c">24 cm</subfield>
  </datafield>
  <datafield tag="504" ind1=" " ind2=" ">
   <subfield code="a">Includes bibliographical references (pages 567-571)</subfield>
  </datafield>
  <datafield tag="505" ind1="0" ind2=" ">
   <subfield code="a">The American political tradition -- From confederation to constitution: the revolutionary context of the great convention/ Lance Banning -- Eighteenth-cewntury American constitutionalism/ Gordon Wood -- Selections from the federalist papers/ Alexander Hamilton, John Jay and James Madison -- A self-correcting system: the constitution of the United States/ Martin Landau -- The recurring question of the limited constitutional convention /  Walter E. Dellinger -- Constitutional creation  -- Constitutional interpretation -- Contemporary American federalism and the American political tradition -- Tocqueville's mistake: a defense of strong central government/ Henry Steele Commager -- The withering away of the states/ Michael Kinsley -- After new federalism, what?/ David R. Beam -- The untold story of Reagan's new federalism/ Richard P. Nathan and Fred C. Doolittle -- Prosepects for pluralism/ Nelson W. Polsby -- A new language for the left: translating the conversvative discourse/ Benjamin Barber -- The environment for government activity -- Public opinion -- The media -- Parties and elections -- Interest groups -- National institutions and policy -- Congress -- Congressional committees as moving targets/ Roger H. Davidson -- The hill leaders: their places on the ladder/ Jacquiline calmes -- U.S. Congressman as enterprise/ Robert H. Salisbury and Kenneth A. Shepsle -- Informal congressional caucuses and agenda setting/ Susan webb, Hammond -- Daniel P. Mulhollan and Arethur G. Stevens Jr. -- Congress and the dilemma of economic poliocy/ Lance T./ Leloup -- Congress and the defense budget: enhancing policy oversight -- The presidency -- The power to persuade/ Richard Neustadt -- The limitations of the presidents power/ William howard taft and The presidency: making an old party progressive/ Theodore Roosevelt -- The paradoxes of the presidency/ Thomas E. Cronin -- White house staff versus the cabinet: centripetal and centrifugal rules/ James P. Pfiffner -- Excerpts from the tower commission report/ The presidents special review board ( John Tower, Edmund Muskie and Brent Scowcroft -- The presidency and congress/ Roger H. Davidson  -- The bureaucracy -- The life cycle of bureaus/ Anthony Downs -- The rise of the bureaucratic state/ James Q. Wilson -- Executive politics in Washington/ Hugh Heclo -- In search of a role: America's higher civil service/ Hugh Heclo -- The tenessee valley authority at age fifty/ Steven M. Neuse -- The Judiciary -- Social policy and judicial capacity/ Donald Horowitz -- Explaining the burger court's support for civil liberties/ Lawrence Baum -- A candid talk with justice blackmun/ John A. Jenkins -- Appointing a supreme court justice: the battle over judge ginsburg/ Stuart Taylor Jr -- Reagans second term judicial appointments: the battle at midway/ Sheldon Goldman -- Responses to judicial policies/ Charles Johnson and Bradley Canon .</subfield>
  </datafield>
  <datafield tag="651" ind1=" " ind2="0">
   <subfield code="a">United States</subfield>
   <subfield code="x">Politics and government.</subfield>
  </datafield>
  <datafield tag="700" ind1="1" ind2=" ">
   <subfield code="a">Ripley, Randall B.</subfield>
   <subfield code="e">editor.</subfield>
  </datafield>
  <datafield tag="700" ind1="1" ind2=" ">
   <subfield code="a">Slotnick, Elliot E.</subfield>
   <subfield code="e">editor.</subfield>
  </datafield>
  <datafield tag="905" ind1=" " ind2=" ">
   <subfield code="a">FO</subfield>
  </datafield>
  <datafield tag="852" ind1="0" ind2=" ">
   <subfield code="a">UPBAG</subfield>
   <subfield code="b">UPBAG-MAIN</subfield>
   <subfield code="h">JK 21 R38</subfield>
  </datafield>
  <datafield tag="942" ind1=" " ind2=" ">
   <subfield code="a">Book</subfield>
  </datafield>
 </record>
</collection>
